A very short, fairly interesting and reasonably cheap book about qualitative research / (Record no. 355)
[ view plain ]
| 000 -LEADER | |
|---|---|
| fixed length control field | 00945cam a22002657a 4500 |
| 001 - CONTROL NUMBER | |
| control field | 14689154 |
| 005 - DATE AND TIME OF LATEST TRANSACTION | |
| control field | 20240208062706.0 |
| 008 - FIXED-LENGTH DATA ELEMENTS--GENERAL INFORMATION | |
| fixed length control field | 070109s2007 caua b 001 0 eng |
| 020 ## - INTERNATIONAL STANDARD BOOK NUMBER | |
| ISBN | 141294595X (hbk.) |
| 020 ## - INTERNATIONAL STANDARD BOOK NUMBER | |
| ISBN | 1412945968 (pbk.) |
| 020 ## - INTERNATIONAL STANDARD BOOK NUMBER | |
| ISBN | 9781412945950 (hbk.) |
| 020 ## - INTERNATIONAL STANDARD BOOK NUMBER | |
| ISBN | 9781412945967 (pbk.) |
| 040 ## - CATALOGING SOURCE (பட்டியலாக்க மூலம்) | |
| Original cataloging agency | UKM |
| Transcribing agency | UKM |
| Modifying agency | BAKER |
| -- | BTCTA |
| -- | YDXCP |
| -- | BWKUK |
| -- | BWK |
| -- | DLC |
| 082 04 - DDC Classification | |
| Class No. | 306.85 |
| DDC Edition Number | 22 |
| Item Number - Author Mark | DAV. |
| 100 1# - MAIN ENTRY--PERSONAL NAME | |
| Personal name | Silverman, David, |
| 245 12 - TITLE STATEMENT | |
| Title | A very short, fairly interesting and reasonably cheap book about qualitative research / |
| Statement of responsibility, etc. | David Silverman. |
| 260 ## - PUBLICATION, DISTRIBUTION, ETC. | |
| Place of publication, distribution, etc. | Los Angeles : |
| Name of publisher, distributor, etc. | SAGE, |
| Date of publication, distribution, etc. | 2007. |
| 300 ## - PHYSICAL DESCRIPTION | |
| Extent (e.g. Volumes, Pages etc.) | 159 p. : |
| 650 #0 - SUBJECT ADDED ENTRY--TOPICAL TERM | |
| Topical term or geographic name entry element | Qualitative research. |
| 650 #0 - SUBJECT ADDED ENTRY--TOPICAL TERM | |
| Topical term or geographic name entry element | Social sciences |
| 856 42 - ELECTRONIC LOCATION AND ACCESS | |
| Uniform Resource Identifier | <a href="http://www.loc.gov/catdir/enhancements/fy0814/2007920428-b.html">http://www.loc.gov/catdir/enhancements/fy0814/2007920428-b.html</a> |
| 856 42 - ELECTRONIC LOCATION AND ACCESS | |
| Uniform Resource Identifier | <a href="http://www.loc.gov/catdir/enhancements/fy0814/2007920428-d.html">http://www.loc.gov/catdir/enhancements/fy0814/2007920428-d.html</a> |
| 856 41 - ELECTRONIC LOCATION AND ACCESS | |
| Uniform Resource Identifier | <a href="http://www.loc.gov/catdir/enhancements/fy0814/2007920428-t.html">http://www.loc.gov/catdir/enhancements/fy0814/2007920428-t.html</a> |
| 942 ## - Koha item type (Biblio) | |
| Koha item type | Books in Stacks (Lending) |
| Lost status | Damaged status | Collection code | Home library | Current library | Date acquired | Full call number | Accession Number | Item type |
|---|---|---|---|---|---|---|---|---|
| Lending | WERC Library | WERC Library | 02/08/2024 | 306.85 DAV. | 6366 | Books in Stacks (Lending) |
